000 00977ngm a2200277 a 4500
005 20220317001346.0
008 00003022005 ck g spa spa
020 _a9781563319934
041 _aspa
082 0 4 _a612.6
_bD37a
110 2 _aDiscovery Communications
_992468
245 1 0 _aAtlas del cuerpo humano, 7
_bsexo
_cDiscovery Communications
_hvideograbación
250 _aPrimera edición
300 _a1 DVD (24 minutos)
_bsonido, color, digital
_c19 cm
490 _aDiscovery Channel. Educación : Estudios sociales
521 _aRecomendados a partir de los 15 años
650 1 5 _2LEMB
_aEducación sexual
_vDVD
650 1 4 _2LEMB
_aFisiología humana
_xAtlas
_vDVD
650 1 4 _2LEMB
_aSexo
_xInvestigaciones
_vDVD
942 _2ddc
_cBK
264 _aBogotá
_bMS Tv & Videos
_c2005
336 _atexto
_btxt
_2rdacontent
337 _asin mediación
_bn
_2rdamedia
338 _avolumen
_bnc
_2rdacarrier
040 _aCO-BoRNBP
_bspa
_erda
_cCO-BoRNBP
999 _c6727
_d6727